Principaux ministres d'Etat d'Ancien régime - Statistiques

Statistiques générales
  • Ce quiz a été pris 52 fois
  • Le résultat moyen est 10 sur 22
Statistiques - réponses
Années en fonction Roi ou régent Principal ministre % Correct
1624 - 1642 Louis XIII Jean Armand du Plessis, duc de Richelieu
97%
1642 - 1661 Louis XIII - Anne d'Autriche Jules Raymond Mazarin
91%
1661 - 1683 Louis XIV Jean-Baptiste Colbert
86%
1788 - 1789 Louis XVI Jacques Necker
69%
1789 - 1790 Louis XVI Jacques Necker
69%
1598 - 1611 Henri IV - Marie de Médicis Maximilien de Béthune, duc de Sully
63%
1726 - 1743 Louis XV André Hercule de Fleury
46%
1758 - 1770 Louis XV Etienne-François, duc de Choiseul
46%
1774 - 1776 Louis XVI Anne Robert Jacques Turgot
40%
1715 - 1723 Philippe d'Orléans Guillaume Dubois
40%
1682 - 1691 Louis XIV François Michel Le Tellier, marquis de Louvois
37%
1787 - 1788 Louis XVI Etienne-Charles de Loménie de Brienne
34%
1770 - 1774 Louis XV - Louis XVI René-Nicolas-Charles-Augustin de Maupeou
34%
1616 - 1617 Marie de Médicis Concino Concini, marquis d'Ancre
31%
1781 - 1787 Louis XVI Charles Gravier, comte de Vergennes
31%
1723 - 1726 Louis XV Louis IV Henri de Bourbon-Condé
31%
1617 - 1621 Louis XIII Charles d'Albert, duc de Luynes
29%
1723 Louis XV Philippe, duc d'Orléans
29%
1776 - 1781 Louis XVI Jean-Frédéric Phélypeaux, comte de Maurepas
26%
1789 Louis XVI Louis Auguste le Tonnelier, baron de Breteuil
26%
1790 - 1791 Louis XVI Armand Marc, comte de Montmorin Saint-Hérem
20%
1611 - 1616 Marie de Médicis Nicolas de Neufville, marquis de Villeroy
20%
Aucun quiz correspondant
Distribution des résultats
% des personnes avec chaque résultat
Percentile par nombre de réponses
Votre historique - résultats
Vous n’avez pas pris ce quiz